Normal view
MARC view
- دبور، عبد اللطيف مؤلف/الصافي، عبد الحكيم م.مشارك
Entry Personal Name
001 - CONTROL NUMBER
- control field: 42791
003 - CONTROL NUMBER IDENTIFIER
- control field: JO-AjAnu
005 - DATE AND TIME OF LATEST TRANSACTION
- control field: 20230606081110.0
008 - FIXED-LENGTH DATA ELEMENTS
- fixed length control field: 230606|| aca||aabn | a|a d
040 ## - CATALOGING SOURCE
- Original cataloging agency: JO-AjAnu
- Transcribing agency: JO-AjAnu
100 ## - HEADING--PERSONAL NAME
- Personal name: دبور، عبد اللطيف مؤلف/الصافي، عبد الحكيم م.مشارك
670 ## - SOURCE DATA FOUND
- Source citation: Work cat.: (JO-AjAnu)21917: دبور، عبد اللطيف مؤلف/الصافي، عبد الحكيم م.مشارك, author, الإرشاد المدرسي بين النظرية والتطبيق